Urban housing: realising the potential (Record no. 66043)

MARC details
000 -LEADER
fixed length control field 01194cam a2200301 4500
001 - CONTROL NUMBER
control field ABS63437
008 - FIXED-LENGTH DATA ELEMENTS--GENERAL INFORMATION
fixed length control field 000000n2001 000 0 eng u
035 ## - SYSTEM CONTROL NUMBER
System control number (Sirsi) u110789
100 ## - MAIN ENTRY--PERSONAL NAME
Personal name Ledbury, M.
245 ## - TITLE STATEMENT
Title Urban housing: realising the potential
260 ## - PUBLICATION, DISTRIBUTION, ETC.
Date of publication, distribution, etc. 2001
490 ## - SERIES STATEMENT
Series statement Urban Environment Today
Volume/sequential designation (113) 18 January 2001, 10-11(2)
520 ## - SUMMARY, ETC.
Summary, etc. Looks at the guidance offered by new DETR publications on housing capacity studies and releasing sites for development and how this will enable targets set out in the revised PPG3 to be met. Notes that brownfield sites may provide only a third of the total capacity and the need to consider as many alternatives as possible including the use of empty properties, the conversion of car parks and office buildings and the subdivision of larger houses.
590 ## - LOCAL NOTE (RLIN)
Local note ABS
650 ## - SUBJECT ADDED ENTRY--TOPICAL TERM
Topical term or geographic name entry element BROWNFIELD SITES
650 ## - SUBJECT ADDED ENTRY--TOPICAL TERM
Topical term or geographic name entry element CONVERSION
650 ## - SUBJECT ADDED ENTRY--TOPICAL TERM
Topical term or geographic name entry element DWELLINGS
650 ## - SUBJECT ADDED ENTRY--TOPICAL TERM
Topical term or geographic name entry element HOUSING
650 ## - SUBJECT ADDED ENTRY--TOPICAL TERM
Topical term or geographic name entry element HOUSING CAPACITY
650 ## - SUBJECT ADDED ENTRY--TOPICAL TERM
Topical term or geographic name entry element PLANNING GUIDANCE
650 ## - SUBJECT ADDED ENTRY--TOPICAL TERM
Topical term or geographic name entry element PPG3
650 ## - SUBJECT ADDED ENTRY--TOPICAL TERM
Topical term or geographic name entry element RELEASE OF LAND
650 ## - SUBJECT ADDED ENTRY--TOPICAL TERM
Topical term or geographic name entry element SUBDIVISION
650 ## - SUBJECT ADDED ENTRY--TOPICAL TERM
Topical term or geographic name entry element URBAN HOUSING
690 ## - LOCAL SUBJECT ADDED ENTRY--TOPICAL TERM (OCLC, RLIN)
Topical term or geographic name as entry element HOUSING-DEVELOPMENT
700 ## - ADDED ENTRY--PERSONAL NAME
Personal name Chapman, C.
942 ## - ADDED ENTRY ELEMENTS (KOHA)
Suppress in OPAC 0
Holdings
Withdrawn status Lost status Source of classification or shelving scheme Damaged status Not for loan Home library Current library Shelving location Date acquired Total Checkouts Full call number Barcode Date last seen Copy number Price effective from Koha item type
    Dewey Decimal Classification     London London Journal article 07/02/2001   ABS63437 110789-1001 06/08/2019 1 06/08/2019 Journal article